000 01881cam a22004698i 4500
001 21693994
005 20250414194032.0
006 m |o d |
007 cr |||||||||||
008 200827s2022 nyu jo 001 0 eng
010 _a 2020039317
020 _a978-1260565812
020 _z9781264067503
_q(paperback)
020 _z9781264209637
_q(loose-leaf edition)
040 _aDLC
_beng
_cDLC
_erda
042 _apcc
050 0 0 _aHD62.4
082 0 0 _a658.049
_223
_bHIL
100 1 _aHill, Charles W. L.,
_eauthor.
_961849
245 1 0 _aGlobal business today /
_cCharles W.L. Hill.
250 _a11th Edition
260 _aNew York;
_bMcGraw Hill LLC,
_c2020
263 _a2101
264 1 _aNew York, NY :
_bMcGraw Hill LLC,
_c2020
300 _axxxiii, 530 p.
336 _atext
_btxt
_2rdacontent
337 _acomputer
_bc
_2rdamedia
338 _aonline resource
_bcr
_2rdacarrier
500 _aIncludes index.
504 _6Includes Index
520 _a"As part of the overall revision process, changes have been made to every chapter in the book. All statistics have been updated to incorporate the most recently available data. Important current events have been incorporated into the text and discussed at length"--
_cProvided by publisher.
521 _aAges 18+
_bMcGraw Hill LLC.
563 _aPB
588 _aDescription based on print version record and CIP data provided by publisher; resource not viewed.
650 0 _aInternational business enterprises
_xManagement.
_912563
650 0 _aInternational trade.
650 0 _aInvestments, Foreign.
_926324
650 0 _aCapital market.
_930147
776 0 8 _iPrint version:
_aHill, Charles W. L..
_tGlobal business today
_b12e.
_dNew York, NY : McGraw Hill LLC, [2022]
_z9781264067503
_w(DLC) 2020039316
906 _a7
_bcbc
_corignew
_d1
_eecip
_f20
_gy-gencatlg
942 _2ddc
_cBK
999 _c613573
_d613573